[Event "Rotterdam Basamro 3rd"]
[Site "Rotterdam"]
[Date "2015.10.25"]
[Round "3.5"]
[White "Janse, Alexander"]
[Black "Kovalenko, Dmitrii"]
[Result "1-0"]
[WhiteElo "1932"]
[BlackElo "1615"]
[PlyCount "57"]
[EventDate "2015.10.24"]
[EventType "team-tourn"]
[EventRounds "3"]
[EventCountry "NED"]
[SourceTitle "EXT 2018"]
[Source "ChessBase"]
[SourceDate "2017.10.13"]
[SourceVersion "1"]
[SourceVersionDate "2017.10.13"]
[SourceQuality "1"]
[WhiteTeam "Rotterdam Pathena"]
[BlackTeam "Murmansk Region"]
[WhiteTeamCountry "NED"]
[BlackTeamCountry "RUS"]

1. e4 e5 2. Nf3 Nc6 3. Bb5 a6 4. Ba4 Nf6 5. d3 b5 6. Bb3 Be7 7. 0-0 0-0 8. c3 d6 9. Re1 Nb8 10. Nbd2 Nbd7 11. Nf1 c5 12. Ng3 Nb6 13. h3 Re8 14. Ng5 c4 15. Bc2 h6 16. Nf3 Nh7 17. d4 Ng5 18. Nh2 Ne6 19. d5 Nf8 20. Ng4 Ng6 21. Ne3 Nd7 22. Nef5 Nf6 23. Qf3 Nh7 24. Nh5 Nh4 25. Qg3 g6 26. Bxh6 Nxf5 27. exf5 Bh4 28. fxg6 Nf8 29. gxf7+ 1-0

[Event "Rotterdam Basamro blitz op "]
[Site "Rotterdam"]
[Date "2015.10.24"]
[Round "6"]
[White "Kovalenko, Dmitrii"]
[Black "Nguyen, Lucas"]
[Result "1-0"]
[WhiteElo "1615"]
[BlackElo "1810"]
[PlyCount "130"]
[EventDate "2015.10.24"]
[EventType "swiss (blitz)"]
[EventRounds "8"]
[EventCountry "NED"]
[SourceTitle "EXT 2018"]
[Source "ChessBase"]
[SourceDate "2017.10.13"]
[SourceVersion "1"]
[SourceVersionDate "2017.10.13"]
[SourceQuality "1"]

1. e4 c5 2. c3 d5 3. exd5 Qxd5 4. d4 cxd4 5. cxd4 Nc6 6. Nf3 Bg4 7. Be2 a6 8. Nc3 Qd7 9. 0-0 e6 10. h3 Bxf3 11. Bxf3 Nf6 12. Be3 Be7 13. d5 exd5 14. Nxd5 Nxd5 15. Qxd5 Qxd5 16. Bxd5 0-0 17. Bxc6 bxc6 18. Rac1 Bf6 19. b3 Rac8 20. Rc4 Rfd8 21. Rfc1 Rd6 22. Bf4 Re6 23. Be3 h6 24. g3 Kf8 25. Kg2 Ke8 26. Kf3 Bb2 27. R1c2 Bf6 28. Ra4 Ra8 29. Rc5 Bd8 30. Re4 Rxe4 31. Kxe4 Kd7 32. Bf4 Bb6 33. Rc4 Re8+ 34. Kf3 g5 35. Be3 Bxe3 36. fxe3 Re5 37. Ra4 a5 38. Rd4+ Kc7 39. Re4 Rf5+ 40. Kg4 Rc5 41. Kh5 Rc2 42. Ra4 Rh2 43. h4 gxh4 44. gxh4 Re2 45. e4 Rh2 46. Rxa5 Kb6 47. Ra4 Kc5 48. e5 Kd5 49. Kxh6 Kxe5 50. Rc4 Kd5 51. a4 Rh3 52. a5 Rxb3 53. Ra4 Rb7 54. a6 Ra7 55. Kg7 f5+ 56. Kg6 f4 57. Rxf4 Rxa6 58. Rf5+ Kd4 59. h5 c5+ 60. Rf6 Ra8 61. h6 c4 62. h7 c3 63. Rc6 Kd3 64. Kg7 Kd2 65. h8Q Rxh8 1-0

[Event "Alta CC 40 years"]
[Site "Alta"]
[Date "2013.03.17"]
[Round "7"]
[White "Mikalsen, Harald"]
[Black "Kovalenko, Dmitrii"]
[Result "1-0"]
[WhiteElo "1860"]
[BlackElo "1753"]
[PlyCount "69"]
[EventDate "2013.03.15"]
[EventType "swiss"]
[EventCountry "NOR"]
[SourceTitle "EXT 2024"]
[Source "ChessBase"]
[SourceDate "2023.10.10"]
[SourceVersion "1"]
[SourceVersionDate "2023.10.10"]
[SourceQuality "1"]

1. e4 e5 2. Nf3 Nc6 3. d4 exd4 4. Nxd4 Bc5 5. Be3 Qf6 6. c3 Nge7 7. Be2 0-0 8. 0-0 Bxd4 9. cxd4 d5 10. e5 Qg6 11. Bh5 Qe6 12. f4 Nf5 13. Bf2 Qh6 14. g3 b6 15. Bf3 Rd8 16. Nc3 Nfe7 17. Qe2 a5 18. Rfe1 Ba6 19. Qd2 Nb4 20. Be2 Bxe2 21. Qxe2 Nf5 22. g4 Ne7 23. a3 Nbc6 24. Qf3 g5 25. f5 f6 26. exf6 Qxf6 27. Re6 Qf7 28. Rae1 Rd6 29. Rxd6 cxd6 30. Nb5 Rd8 31. Re6 h5 32. h3 hxg4 33. hxg4 Rf8 34. Qe3 Qe8 35. Qxg5+ 1-0